Movies with a Common Word Quiz Stats

 Plays Quiz Updated Jun 22, 2012

Challenge
Share
Tweet
Embed
Score 0/42 Timer 07:00
3 Plays Today
% Correct
Toy Story
94.2%
Finding Nemo
93.6%
Happy Gilmore
87.2%
American Pie
78.4%
Iron Man
74.8%
My Girl
74.6%
White Christmas
73%
American Beauty
71.2%
Rear Window
67.3%
Mystic River
65.9%
Happy Feet
62.5%
Finding Neverland
60.6%
Rain Man
60.5%
American Psycho
60.1%
Patriot Games
56.9%
White Chicks
55.6%
Big Fish
54.1%
Love Story
51.8%
WarGames
47.4%
Red Dawn
46.5%
Red Dragon
46.4%
% Correct
Funny Games
45.2%
Funny Girl
45.2%
American Gangster
44.9%
Yes Man
43.2%
Finding Forrester
39.8%
Secret Window
38.4%
Working Girl
36.9%
Reindeer Games
36.5%
Jersey Girl
35.5%
American Graffiti
33.3%
Cinderella Man
29.6%
Red Eye
23.4%
Hollow Man
23%
Bicentennial Man
17.7%
Marathon Man
16.9%
Inside Man
15.1%
Big Night
13.9%
Valley Girl
10.4%
Factory Girl
8.7%
Frozen River
7.7%
Birthday Girl
4.8%

You're not logged in!

Compare scores with friends on all Sporcle quizzes.
Join for Free
OR
Log In

You Might Also Like...

Show Comments

Extras

Top Quizzes Today


Score Distribution

Your Account Isn't Verified!

In order to create a playlist on Sporcle, you need to verify the email address you used during registration. Go to your Sporcle Settings to finish the process.

Report this User

Report this user for behavior that violates our Community Guidelines.

Details: